000 004780000a22001690004500
003 MACL
005 20151229170035.0
008 151229b xxu||||| |||| 00| 0 eng d
040 _aMACL
_cMACL
041 _aEnglish
082 _a294.5512/PRA
100 _aPrabhupada, A C Bhaktivedanta Swami
_924337
245 _aKRSNA
_bThe Supreme Personality of Godhead vol 1
260 _bThe Bhaktivedanta book Trust
_c1970
650 _aReligion
_924338
942 _cBK
_k244.5512/PRA
_2ddc
999 _c37418
_d37418